Statystyki dla Najdłuższe rzeki w Polsce

Kliknij tutaj aby rozwiązać quiz!

Ogólne statystyki

  • Ten quiz został rozwiązany 283 razy
  • Średni wynik to 9 z 15

Statystyki odpowiedzi

Długość w PolsceRzeka% Poprawnych
1047kmWisła
100%
742kmOdra
99%
808kmWarta
96%
587kmBug
89%
457kmSan
78%
448kmNarew
71%
303kmWieprz
60%
247kmDunajec
57%
391kmNoteć
57%
319kmPilica
52%
238kmBrda
38%
270kmBóbr
37%
249kmWkra
28%
207kmDrwęca
25%
217kmProsna
20%

Rozkład punktacji

Percentyl według liczby udzielonych odpowiedzi

Procent ludzi z każdym wynikiem

Twoja historia wyników

Nie rozwiązałeś tego quizu